000 00980nam a22003257a 4500
003 CHAP
005 20220329133405.0
008 971013s1983 r 00010 d
010 _a5811
011 _a6783
035 _a6006
040 _cCHAP
082 _a636.3
_bC3
100 0 0 _aCarles, A. B.
_918979
245 _aSheep production in the tropics
260 _aOxford :
_bOxford University,
_c1983
300 _a213 p.
490 _aOxford tropical handbooks
500 _a59-203
590 _aBATCH-UPD
_b10
_c20130110
_lUCH01
_h1259
590 _aBATCH-UPD
_b10
_c20130410
_lUCH01
_h0818
590 _aBATCH-UPD
_b10
_c20130914
_lUCH01
_h0910
590 _aCONVERSION
_b10
_c20130109
_lUCH01
_h1304
650 1 4 _aGanado lanar
_xProducción.
_945214
650 1 4 _aGanado lanar
_xTrópicos.
_945229
830 0 _aOxford tropical handbooks
_984459
901 _aBK
942 _cLIBRO
949 _a636.3 C3
_bBC
_cLIBRO
_d33724000113254
_eLIBRO
_gI.164551
_h82317
_i6006
_si
_t150.00
999 _c5811
_d5811